[Event "Sochi Tal Memorial Blitz"]
[Site "Sochi"]
[Date "2014.11.13"]
[Round "1"]
[White "Svidler, Peter"]
[Black "Gelfand, Boris"]
[Result "1-0"]
[WhiteElo "2743"]
[BlackElo "2759"]
[PlyCount "55"]
[EventDate "2014.11.13"]
[EventType "tourn (blitz)"]
[EventRounds "22"]
[EventCountry "RUS"]
[EventCategory "19"]
[SourceTitle "EXT 2015"]
[Source "ChessBase"]
[SourceDate "2014.11.20"]
[SourceVersion "1"]
[SourceVersionDate "2014.11.20"]
[SourceQuality "1"]

1. Nf3 c5 2. e4 d6 3. c3 Nf6 4. Be2 Bd7 5. Qc2 Qc7 6. O-O g6 7. d4 cxd4 8. Nxd4
Nc6 9. Be3 d5 10. Nd2 Bg7 11. Nb5 Qb8 12. Bf3 Ne5 13. Nd4 Nfg4 14. exd5 Nxh2
15. Rfe1 Nhxf3+ 16. N2xf3 O-O 17. Bg5 Nxf3+ 18. Nxf3 e6 19. Qd2 exd5 20. Bf4
Qd8 21. Be5 Bc6 22. Bxg7 Kxg7 23. Qd4+ Qf6 24. Ne5 Rfe8 25. Re3 Re6 26. Rae1
Rae8 27. R1e2 Kg8 28. Nxc6 1-0

[Event "Sochi Tal Memorial Blitz"]
[Site "Sochi"]
[Date "2014.11.13"]
[Round "3"]
[White "Svidler, Peter"]
[Black "Leko, Peter"]
[Result "1-0"]
[WhiteElo "2743"]
[BlackElo "2731"]
[PlyCount "75"]
[EventDate "2014.11.13"]
[EventType "tourn (blitz)"]
[EventRounds "22"]
[EventCountry "RUS"]
[EventCategory "19"]
[SourceTitle "EXT 2015"]
[Source "ChessBase"]
[SourceDate "2014.11.20"]
[SourceVersion "1"]
[SourceVersionDate "2014.11.20"]
[SourceQuality "1"]

1. Nf3 d5 2. g3 g6 3. Bg2 Bg7 4. c4 dxc4 5. Qa4+ Nc6 6. O-O e5 7. Qxc4 Nge7 8.
d3 O-O 9. Nc3 h6 10. Qb3 Nf5 11. Bd2 Ncd4 12. Nxd4 Nxd4 13. Qd1 c6 14. e3 Ne6
15. Qc2 Nc5 16. Ne4 Nxe4 17. Bxe4 Be6 18. Bc3 Bd5 19. Bxd5 Qxd5 20. e4 Qd7 21.
b4 Rad8 22. Rad1 f5 23. exf5 Qxf5 24. Rfe1 Rd5 25. Re4 Rf7 26. Qe2 h5 27. Kg2
a6 28. a3 Rfd7 29. h3 Qg5 30. Re1 Rxd3 31. Bxe5 Rd2 32. Qc4+ R2d5 33. Bxg7 Kxg7
34. Qc3+ Kh7 35. h4 Qh6 36. Re7+ Kg8 37. Qf6 Rf5 38. Re8+ 1-0

[Event "Sochi Tal Memorial Blitz"]
[Site "Sochi"]
[Date "2014.11.13"]
[Round "5"]
[White "Svidler, Peter"]
[Black "Nepomniachtchi, Ian"]
[Result "1-0"]
[WhiteElo "2743"]
[BlackElo "2714"]
[PlyCount "109"]
[EventDate "2014.11.13"]
[EventType "tourn (blitz)"]
[EventRounds "22"]
[EventCountry "RUS"]
[EventCategory "19"]
[SourceTitle "EXT 2015"]
[Source "ChessBase"]
[SourceDate "2014.11.20"]
[SourceVersion "1"]
[SourceVersionDate "2014.11.20"]
[SourceQuality "1"]

1. Nf3 g6 2. e4 Nf6 3. e5 Nh5 4. d4 d6 5. exd6 Qxd6 6. Nc3 Bg7 7. h3 O-O 8. Be3
a6 9. Qd2 Nc6 10. Rd1 Rd8 11. Be2 Qb4 12. Qc1 e5 13. a3 Qf8 14. Nxe5 Nxe5 15.
dxe5 Bxe5 16. Bxh5 gxh5 17. O-O Bf5 18. Bh6 Bg7 19. Qg5 Bg6 20. Bxg7 Kxg7 21.
Nd5 f6 22. Qg3 Qf7 23. Nf4 Kh8 24. c3 Re8 25. Kh2 Re5 26. Rfe1 Rae8 27. Rxe5
fxe5 28. Nd5 c6 29. Ne3 Qf4 30. Kg1 Re7 31. Nf1 Kg7 32. Qe3 Rf7 33. Re1 Kg8 34.
f3 e4 35. fxe4 Qxe3+ 36. Rxe3 Rd7 37. Re2 Kf7 38. Kf2 Rd1 39. Ne3 Rb1 40. Nc4
Ke6 41. Na5 Rd1 42. Nxb7 Ke5 43. Nc5 a5 44. Ke3 Rb1 45. Nd3+ Ke6 46. Kd4 Rd1
47. b4 Ra1 48. bxa5 Rxa3 49. Nc5+ Kd6 50. e5+ Kc7 51. a6 Ra1 52. Rb2 Rd1+ 53.
Kc4 Kd8 54. a7 Ra1 55. Rb8+ 1-0

[Event "Sochi Tal Memorial Blitz"]
[Site "Sochi"]
[Date "2014.11.13"]
[Round "7"]
[White "Svidler, Peter"]
[Black "Morozevich, Alexander"]
[Result "1/2-1/2"]
[WhiteElo "2743"]
[BlackElo "2724"]
[PlyCount "93"]
[EventDate "2014.11.13"]
[EventType "tourn (blitz)"]
[EventRounds "22"]
[EventCountry "RUS"]
[EventCategory "19"]
[SourceTitle "EXT 2015"]
[Source "ChessBase"]
[SourceDate "2014.11.20"]
[SourceVersion "1"]
[SourceVersionDate "2014.11.20"]
[SourceQuality "1"]

1. Nf3 d5 2. g3 c6 3. Bg2 Bf5 4. c4 e6 5. cxd5 exd5 6. d3 Nd7 7. O-O Ngf6 8.
Nc3 Be7 9. e4 dxe4 10. dxe4 Nxe4 11. Nd4 Nxc3 12. bxc3 Bg6 13. Re1 O-O 14. Bxc6
Qc8 15. Bxb7 Qxb7 16. Rxe7 Rfe8 17. Qf3 Qxf3 18. Rxe8+ Rxe8 19. Nxf3 Be4 20.
Nd4 Ne5 21. Be3 h6 22. h3 Rc8 23. f4 Rxc3 24. Kf2 Nc4 25. Bc1 h5 26. a4 a6 27.
h4 Kh7 28. f5 Ne5 29. Bf4 Nd3+ 30. Ke3 Nc5+ 31. Ke2 Rc4 32. Ke3 Bd5 33. a5 Rc3+
34. Ke2 Bc4+ 35. Kf2 Ne4+ 36. Kg2 Bd5 37. Kh2 Nf2 38. Rc1 Rd3 39. Nc6 Ng4+ 40.
Kg1 Rb3 41. Ne5 Nf6 42. Rc7 Ne4 43. Nxf7 Rb1+ 44. Kh2 Rb2+ 45. Kg1 Rb1+ 46. Kh2
Rb2+ 47. Kg1 1/2-1/2

[Event "Sochi Tal Memorial Blitz"]
[Site "Sochi"]
[Date "2014.11.13"]
[Round "10"]
[White "Svidler, Peter"]
[Black "Tomashevsky, Evgeny"]
[Result "1-0"]
[WhiteElo "2743"]
[BlackElo "2714"]
[PlyCount "67"]
[EventDate "2014.11.13"]
[EventType "tourn (blitz)"]
[EventRounds "22"]
[EventCountry "RUS"]
[EventCategory "19"]
[SourceTitle "EXT 2015"]
[Source "ChessBase"]
[SourceDate "2014.11.20"]
[SourceVersion "1"]
[SourceVersionDate "2014.11.20"]
[SourceQuality "1"]

1. Nf3 d5 2. g3 Bg4 3. Bg2 c6 4. c4 e6 5. O-O Nf6 6. d3 Nbd7 7. cxd5 exd5 8.
Nc3 Bc5 9. Qb3 Bb6 10. Na4 O-O 11. Nxb6 axb6 12. Qc2 Re8 13. b3 b5 14. a3 Bxf3
15. Bxf3 Ne5 16. Bg2 Qd6 17. Bb2 h5 18. a4 bxa4 19. Rxa4 Rxa4 20. bxa4 h4 21.
Rb1 hxg3 22. hxg3 Nfg4 23. Bd4 Qd7 24. Qb3 Ra8 25. f3 c5 26. Bb2 d4 27. fxg4
Qxg4 28. Qxb7 Re8 29. Qe4 Qxg3 30. Rf1 Re6 31. Qf4 Qg6 32. Bc1 Qh5 33. Rf2 Rg6
34. Qf5 1-0

[Event "Sochi Tal Memorial Blitz"]
[Site "Sochi"]
[Date "2014.11.14"]
[Round "13"]
[White "Gelfand, Boris"]
[Black "Svidler, Peter"]
[Result "0-1"]
[WhiteElo "2759"]
[BlackElo "2743"]
[PlyCount "182"]
[EventDate "2014.11.13"]
[EventType "tourn (blitz)"]
[EventRounds "22"]
[EventCountry "RUS"]
[EventCategory "19"]
[SourceTitle "EXT 2015"]
[Source "ChessBase"]
[SourceDate "2014.11.20"]
[SourceVersion "1"]
[SourceVersionDate "2014.11.20"]
[SourceQuality "1"]

1. d4 d6 2. Nf3 g6 3. e4 Nf6 4. Bd3 Bg7 5. O-O O-O 6. c3 c5 7. h3 cxd4 8. cxd4
Nc6 9. Nc3 e5 10. dxe5 Nxe5 11. Nxe5 dxe5 12. Bc4 Bd7 13. Be3 Bc6 14. Qf3 Qe7
15. Rfd1 Rfd8 16. Bb3 a6 17. Bb6 Rxd1+ 18. Rxd1 Rc8 19. Nd5 Bxd5 20. Bxd5 Nxd5
21. Rxd5 Qe6 22. Qb3 h5 23. Be3 b5 24. Qd3 Bf8 25. Rd8 Rxd8 26. Qxd8 Kg7 27. b3
Be7 28. Qc7 Ba3 29. Qb7 Qd6 30. g3 Bb2 31. Qd5 Qxd5 32. exd5 Ba3 33. g4 f5 34.
f3 Kf6 35. gxh5 gxh5 36. Bb6 Ke7 37. Bc7 Bd6 38. Bb6 Kd7 39. Ba5 Bc5+ 40. Kf1
Kd6 41. Ke2 Kxd5 42. Bc3 e4 43. Bf6 a5 44. Bg7 a4 45. Bf6 Bd4 46. Be7 Ke5 47.
Bg5 Bc5 48. Bh6 Bd6 49. Ke3 Bc5+ 50. Ke2 axb3 51. axb3 exf3+ 52. Kxf3 Kd4 53.
Bg7+ Kd3 54. Kf4 Kc2 55. Kxf5 Kxb3 56. Kg5 b4 57. Kxh5 Kc4 58. Kg6 Bd4 59. Bh6
b3 60. Bc1 Kd3 61. h4 Kc2 62. Ba3 Bc5 63. Bxc5 b2 64. h5 b1=Q 65. h6 Kc3+ 66.
Kg7 Qb7+ 67. Kg6 Qc6+ 68. Kg7 Qc7+ 69. Kg8 Qg3+ 70. Kf7 Qf4+ 71. Kg6 Qg4+ 72.
Kf6 Qh5 73. Bf8 Kd4 74. Kg7 Qg5+ 75. Kf7 Qf5+ 76. Kg8 Qe6+ 77. Kg7 Ke5 78. h7
Kf5 79. h8=N Qe5+ 80. Kg8 Ke6 81. Bg7 Qb8+ 82. Kh7 Qc8 83. Kh6 Kf5 84. Kh7 Qe8
85. Kh6 Kg4 86. Kh7 Kg5 87. Bh6+ Kf5 88. Bg7 Qh5+ 89. Kg8 Ke6 90. Kf8 Qh7 91.
Ba1 Qa7 0-1

[Event "Sochi Tal Memorial Blitz"]
[Site "Sochi"]
[Date "2014.11.14"]
[Round "15"]
[White "Leko, Peter"]
[Black "Svidler, Peter"]
[Result "0-1"]
[WhiteElo "2731"]
[BlackElo "2743"]
[PlyCount "110"]
[EventDate "2014.11.13"]
[EventType "tourn (blitz)"]
[EventRounds "22"]
[EventCountry "RUS"]
[EventCategory "19"]
[SourceTitle "EXT 2015"]
[Source "ChessBase"]
[SourceDate "2014.11.20"]
[SourceVersion "1"]
[SourceVersionDate "2014.11.20"]
[SourceQuality "1"]

1. e4 d6 2. d4 Nf6 3. Nc3 g6 4. Be3 a6 5. Nf3 Bg7 6. Qd2 O-O 7. Bd3 b5 8. Bh6
Nc6 9. Bxg7 Kxg7 10. O-O-O e5 11. d5 Ne7 12. h3 c6 13. dxc6 Nxc6 14. g4 Be6 15.
Kb1 Qa5 16. Ng5 b4 17. Nxe6+ fxe6 18. Ne2 Qc5 19. f4 a5 20. f5 d5 21. g5 Nxe4
22. Bxe4 gxf5 23. Bg2 a4 24. h4 Na5 25. b3 Nc6 26. h5 Ra7 27. g6 h6 28. Nc1 e4
29. Qf4 e5 30. Qd2 Nd4 31. bxa4 Qa5 32. Qf2 f4 33. Rxd4 e3 34. Qe2 exd4 35. Rd1
Qc5 36. Nb3 Qc4 37. Qe1 f3 38. Rxd4 fxg2 39. Qxe3 Rf1+ 40. Nc1 Qc7 41. Rg4 Rxa4
42. Rxg2 b3 43. axb3 Re4 44. Qd2 Ree1 45. Qxd5 Rxc1+ 46. Kb2 Rb1+ 47. Ka3 Qa7+
48. Kb4 Qb6+ 49. Kc3 Qc7+ 50. Kb4 Rf4+ 51. Kb5 Qb8+ 52. Kc5 Qa7+ 53. Kb5 Qb8+
54. Kc5 Qb4+ 55. Kc6 Rf6+ 0-1

[Event "Sochi Tal Memorial Blitz"]
[Site "Sochi"]
[Date "2014.11.14"]
[Round "16"]
[White "Svidler, Peter"]
[Black "Inarkiev, Ernesto"]
[Result "0-1"]
[WhiteElo "2743"]
[BlackElo "2688"]
[PlyCount "112"]
[EventDate "2014.11.13"]
[EventType "tourn (blitz)"]
[EventRounds "22"]
[EventCountry "RUS"]
[EventCategory "19"]
[SourceTitle "EXT 2015"]
[Source "ChessBase"]
[SourceDate "2014.11.20"]
[SourceVersion "1"]
[SourceVersionDate "2014.11.20"]
[SourceQuality "1"]

1. Nf3 d5 2. g3 g6 3. c4 dxc4 4. Na3 Bg7 5. Nxc4 Nc6 6. Bg2 e5 7. O-O Nge7 8.
d3 O-O 9. Rb1 a5 10. Bd2 h6 11. Bc3 Be6 12. Nfxe5 Nxe5 13. Bxe5 Bxe5 14. Nxe5
Bxa2 15. Rc1 c6 16. Qd2 Kh7 17. Ng4 Ng8 18. d4 Be6 19. Ne5 a4 20. e4 Qd6 21. f4
a3 22. bxa3 Rxa3 23. d5 cxd5 24. exd5 Bf5 25. g4 Bd7 26. Nc4 Qc5+ 27. Kh1 Ra4
28. Ne5 Qd6 29. Rb1 b5 30. h3 Nf6 31. Rfe1 Kg7 32. Rbc1 Rfa8 33. Rc2 Ra1 34.
Rxa1 Rxa1+ 35. Kh2 g5 36. Qc3 Ra3 37. Qc7 Qb4 38. Rf2 Qd4 39. Rf1 Ra7 40. Qb8
gxf4 41. Nc6 Bxc6 42. dxc6 Ra2 43. Qxf4 Qxf4+ 44. Rxf4 Nd5 45. Re4 Rc2 46. Kg3
Rxc6 47. Re5 Rc3+ 48. Bf3 Nc7 49. Kf4 b4 50. Be4 Ne6+ 51. Kf5 Rxh3 52. Ra5 Nd4+
53. Ke5 Ne6 54. Ra7 Re3 55. Kf5 b3 56. Ra3 Nc5 0-1

[Event "Sochi Tal Memorial Blitz"]
[Site "Sochi"]
[Date "2014.11.14"]
[Round "17"]
[White "Nepomniachtchi, Ian"]
[Black "Svidler, Peter"]
[Result "1-0"]
[WhiteElo "2714"]
[BlackElo "2743"]
[PlyCount "105"]
[EventDate "2014.11.13"]
[EventType "tourn (blitz)"]
[EventRounds "22"]
[EventCountry "RUS"]
[EventCategory "19"]
[SourceTitle "EXT 2015"]
[Source "ChessBase"]
[SourceDate "2014.11.20"]
[SourceVersion "1"]
[SourceVersionDate "2014.11.20"]
[SourceQuality "1"]

1. e4 g6 2. h4 d5 3. h5 dxe4 4. hxg6 fxg6 5. Nc3 Nf6 6. Qe2 Nc6 7. Nxe4 Nxe4 8.
Qxe4 Bf5 9. Qa4 Qd5 10. Nf3 Qe4+ 11. Qxe4 Bxe4 12. c3 Bxf3 13. gxf3 Bg7 14. Bb5
O-O 15. Ke2 Rf5 16. Bd3 Rf6 17. Be4 Nd8 18. d4 c6 19. Bg5 Re6 20. Be3 Rd6 21.
Bf4 Rd7 22. Bc2 Nf7 23. Bb3 e6 24. Rae1 Re8 25. Kf1 Rde7 26. Kg2 Bf6 27. Re4
Kg7 28. Rhe1 e5 29. Bxf7 Kxf7 30. dxe5 Bg7 31. Bg3 Ke6 32. Rd1 Rd7 33. Rxd7
Kxd7 34. Rd4+ Ke6 35. Rd6+ Kf7 36. f4 Bf8 37. Rd7+ Re7 38. Rd1 Re8 39. Kf3 Ke6
40. Bh4 b5 41. Ke4 a5 42. Bg5 Bc5 43. Rh1 h5 44. Bh4 Rg8 45. Rg1 Kf7 46. Rg2 a4
47. a3 Bb6 48. f3 Bc5 49. Bf6 Ke6 50. Rxg6 Rxg6 51. f5+ Kf7 52. fxg6+ Kxg6 53.
Bh4 1-0

[Event "Sochi Tal Memorial Blitz"]
[Site "Sochi"]
[Date "2014.11.14"]
[Round "19"]
[White "Morozevich, Alexander"]
[Black "Svidler, Peter"]
[Result "1-0"]
[WhiteElo "2724"]
[BlackElo "2743"]
[PlyCount "55"]
[EventDate "2014.11.13"]
[EventType "tourn (blitz)"]
[EventRounds "22"]
[EventCountry "RUS"]
[EventCategory "19"]
[SourceTitle "EXT 2015"]
[Source "ChessBase"]
[SourceDate "2014.11.20"]
[SourceVersion "1"]
[SourceVersionDate "2014.11.20"]
[SourceQuality "1"]

1. e4 c5 2. Nf3 e6 3. c3 d5 4. e5 d4 5. Bd3 Bd7 6. O-O Bc6 7. Na3 Ne7 8. Re1
Ng6 9. Be4 Be7 10. d3 dxc3 11. bxc3 O-O 12. g3 f5 13. exf6 Bxf6 14. Bb2 Bd5 15.
Nc4 Nc6 16. a4 Qd7 17. Qe2 Rad8 18. Red1 b6 19. h4 Nge7 20. Ne3 Nf5 21. Ng4 Qf7
22. Nxf6+ gxf6 23. a5 Nxa5 24. c4 Bxe4 25. dxe4 Ne7 26. e5 f5 27. Rd6 Nac6 28.
Ng5 1-0

[Event "Sochi Tal Memorial Blitz"]
[Site "Sochi"]
[Date "2014.11.14"]
[Round "22"]
[White "Tomashevsky, Evgeny"]
[Black "Svidler, Peter"]
[Result "0-1"]
[WhiteElo "2714"]
[BlackElo "2743"]
[PlyCount "66"]
[EventDate "2014.11.13"]
[EventType "tourn (blitz)"]
[EventRounds "22"]
[EventCountry "RUS"]
[EventCategory "19"]
[SourceTitle "EXT 2015"]
[Source "ChessBase"]
[SourceDate "2014.11.20"]
[SourceVersion "1"]
[SourceVersionDate "2014.11.20"]
[SourceQuality "1"]

1. d4 d6 2. e4 Nf6 3. Nc3 g6 4. Be2 Bg7 5. h4 c5 6. d5 h5 7. Nf3 Bg4 8. Ng5
Bxe2 9. Qxe2 Na6 10. Nd1 Nc7 11. Ne3 e6 12. dxe6 Nxe6 13. Nxe6 fxe6 14. e5 dxe5
15. Nc4 Qd5 16. Bg5 O-O 17. Ne3 Qc6 18. Bxf6 Rxf6 19. O-O-O Raf8 20. f3 e4 21.
f4 Rxf4 22. g4 Rf2 23. Qc4 b5 24. Qb3 a5 25. a4 bxa4 26. Qa2 hxg4 27. Nxg4 Rg2
28. Rhg1 Rxg1 29. Rxg1 Bd4 30. Re1 Rf4 31. Nh2 e3 32. Nf1 Qe4 33. c3 Rxf1 0-1

[Event "Gibraltar Masters 13th"]
[Site "Caleta"]
[Date "2015.02.04"]
[Round "9"]
[White "Adhiban, Baskaran"]
[Black "Svidler, Peter"]
[Result "1/2-1/2"]
[WhiteElo "2630"]
[BlackElo "2739"]
[Annotator "Adhiban,B"]
[PlyCount "43"]
[EventDate "2015.01.27"]
[EventType "swiss"]
[EventRounds "10"]
[EventCountry "GGB"]
[SourceTitle "CBM 165"]
[Source "ChessBase"]
[SourceDate "2015.03.11"]
[SourceVersion "1"]
[SourceVersionDate "2015.03.11"]
[SourceQuality "1"]

{The Tradewise Gibraltar Chess festival is one of the few of its kind which
only gets better every year. The tournament has been organised for nearly a
decade, an achievement in itself. For me it was only my second edition, I
started with a bang with 4/4 and but then two losses against Nakamura and
Naroditsky brought me back to earth :). I was quite optimistic in this round
since I had won against him once even though it was blitz.} 1. d4 Nf6 2. c4 g6
3. Nc3 d5 4. cxd5 Nxd5 5. e4 Nxc3 6. bxc3 Bg7 7. Bb5+ $5 {During the previous
round, I was watching the game which was played next to my board and was
pretty inspired to try it out the next day!} c6 8. Ba4 O-O 9. Ne2 b5 10. Bb3
Bb7 ({The stem game for my inspiration continued} 10... a5 11. h4 a4 12. Bc2 c5
$5 $146 {A novelty,but it was an over the boad improvisation!} ({The only
other top level clash was} 12... e5 {in (Ivanchuk-Rodshtein 2011)}) 13. Rb1 b4
$1 {Black plays in the true style of the Grünfeld, never to turn back!} 14. d5
bxc3 15. h5 {Alex was still blitzing here.} e6 16. Be3 Na6 17. a3 {Somewhat
slow, but its hard to give White good advice.} exd5 18. exd5 Qd6 $1 {Faced
with an innovation, Dennis surprisingly comes up with the top engine moves
which only confirms his final standings, an amazing 6th place (with a tie for
the 3rd) in such a strong event!} 19. hxg6 fxg6 20. Ng3 Nc7 21. Rxh7 $1 {
I was pretty sure the game was going to be over soon with 1-0 on the
scoresheet, but little did I know.} Ba6 $1 {What did I say? Once again Dennis
is up to the task.} 22. Rh1 Nxd5 23. Bxg6 Qxg6 $138 {Finding all those cool
defensive moves took a toll on the defender who was running short of time and
chose the safer route.} (23... c2 $3 {If Dennis had played this, I am pretty
sure Alex would have complained that this guy was using engine help!} 24. Bh7+
Kf7 25. Qh5+ Ke7 {White's checks soon run out and Black emerges with a winning
advantage.}) 24. Qxd5+ Qf7 25. Qe4 Rfe8 26. Qh7+ Kf8 27. Rh5 Bf6 28. Qh6+ Bg7
29. Qh7 Bf6 30. Rb6 Qxh7 31. Rxh7 Bd4 32. Kd1 (32. Nf5 {was the last chance to
equalise.} Bd3 33. Rbb7 Bxf5 34. Rhf7+ Kg8 35. Rxf5 $11) 32... Bd3 $1 {
Crowning Black's brilliant play!} 33. Bxd4 c2+ 34. Kd2 Bxh7 35. Bxc5+ Kg8 36.
Bb4 Rad8+ {0-1 (36) Lenderman,A (2614)-Wagner,D (2501) Caleta ENG 2015}) 11. h4
$5 $146 {There was also a funny story behind this move. In Aeroflot Blitz in
2012 after making short castling, I anyway went for h4-h5 (please note:
without a rook on h1!) and won with a irresistible attack (I will leave it to
the reader's imagination as to in which variation it was!). So I was hoping to
remind him about that game in a silent manner.} c5 12. h5 Bxe4 13. f3 Bd5 14.
hxg6 hxg6 15. Bh6 {The only way to continue the attack.} Bxb3 16. Qd2 $5 {
A stunning rejoinder but nothing much if Black keeps his cool.} Bf6 $5 (16...
Bc4 $1 17. Bxg7 Kxg7 18. Qh6+ Kf6 {Amazingly White has nothing better than to
go for a repetition.} 19. Qf4+ (19. Ng3 {This was the line which put off
Svidler from playing ...Bc4, but it seems after the stunning} cxd4 $1 {Black
beats off the attack and is just winning.}) 19... Kg7 {with a draw.} (19... Ke6
$6 20. Qe4+ Kd6 21. Qxa8 $14)) 17. Bxf8 {Taking the rook and continuing the
attack for free but unfortunately Black gains some tempi to create counterplay.
} (17. axb3 $5 {This was my best chance.} Re8 18. Bg5 (18. Qf4 e5 19. Qh2 exd4
20. Bg5 d3 21. Bxf6 Qxf6) 18... Bg7 19. Qf4 (19. Bh6 Bf6 {just repeats the
moves.}) 19... Nd7 20. Qh4 (20. dxc5 Nxc5 21. Qh4 {looks scary but Black can
defend with an iron fist!} f5 22. Rd1 Qc8 23. Qh7+ Kf7 24. Nf4 Qc6 25. Rh6 Rh8
26. Rxg6 Rxh7 27. Rxc6 Rh1+ {with equality.}) (20. Qh2 Nf8 21. dxc5 Qd5 22. Bh6
Bf6 23. b4) 20... Nf8 21. dxc5 $1 Qd5 22. b4 a5 23. Rd1 Qe6 24. Kf2 axb4 (24...
a4 25. Nd4) 25. cxb4 Ra2 26. Rd2 Rxd2 27. Bxd2 Ra8 $1 {Black has sufficient
counterplay to hold the balance.}) 17... Bc4 18. Bh6 Nc6 19. Bg5 {I felt my
best chance was to exchange the dark-squared bishop.} Bg7 20. Bh6 (20. Qf4 Qd6
21. Qh4 f5 $1 {and Black seizes the advantage.} (21... f6 $6 22. Qh7+ Kf7 23.
Bh6 Rg8 24. Nf4 cxd4 (24... f5 25. d5) 25. Qxg6+ Kf8 26. Bxg7+ Rxg7 27. Rh8+
Rg8 $11)) (20. dxc5 Ne5 {Black has more than enough compensation.}) 20... Bf6
21. Bg5 {The best, otherwise it will be Black's turn to seize the intiative.}
Bg7 22. Bh6 {A draw which was quite exciting!} 1/2-1/2

[Event "Gibraltar Masters 13th"]
[Site "Caleta"]
[Date "2015.02.05"]
[Round "10"]
[White "Svidler, Peter"]
[Black "Sutovsky, Emil"]
[Result "1/2-1/2"]
[WhiteElo "2739"]
[BlackElo "2637"]
[PlyCount "61"]
[EventDate "2015.01.27"]
[EventType "swiss"]
[EventRounds "10"]
[EventCountry "GGB"]
[SourceTitle "CBM 165"]
[Source "ChessBase"]
[SourceDate "2015.03.11"]
[SourceVersion "1"]
[SourceVersionDate "2015.03.11"]
[SourceQuality "1"]

1. d4 Nf6 2. c4 g6 3. Nc3 d5 4. Nf3 Bg7 5. cxd5 Nxd5 6. e4 Nxc3 7. bxc3 c5 8.
h3 Nc6 9. Be3 cxd4 10. cxd4 f5 11. Bd3 fxe4 12. Bxe4 Bf5 13. Bxf5 Qa5+ 14. Ke2
gxf5 15. Qd3 O-O 16. Rhc1 Rad8 17. Qc4+ Kh8 18. Bd2 Qd5 19. Qxd5 Rxd5 20. Rab1
Nxd4+ 21. Nxd4 Rxd4 22. Rc7 Ra4 23. Rbxb7 Rxa2 24. Rxe7 Rd8 25. Rxg7 Rdxd2+ 26.
Ke3 Re2+ 27. Kf4 Rxf2+ 28. Ke5 Rxg2 29. Rxh7+ Kg8 30. Rhc7 Rae2+ 31. Kxf5
1/2-1/2